000 02811nam a22003014a 4500
003 BOLpUSFA
005 20220622212120.0
008 t bo d grm 001 u spa u
040 _aBOLpUSFA
041 _aspa
044 _aBO
082 _aPSI0117
_bR786r T
100 _aRoque Chávez, Jhoselyn
245 _aRiesgos psicosociales que conlleva la responsabilidad del rol de tipo parental en el proyecto de vida de adolescentes hermanos mayores del Colegio Adventista de Viacha
260 _aLa Paz:
_bUniversidad Privada San Francisco de Asís. Carrera de Psicología,
_c2017.
300 _a120 p. :
_bTapa dura ;
_c29 cm.
502 _aTesis (Licenciatura en Psicología) - Universidad Privada San Francisco de Asís, La Paz, 2017. Tutor: René Javier Calderón Méndez PhD.
520 _aLa presente investigación refleja los riesgos psicosociales que conlleva la responsabilidad del rol de tipo parental en el proyecto de vida de adolescentes hermanos mayores. Es un estudio cuanti-cualitativo, en su parte cuantitativa es de tipo con diseño transaccional descriptivo. La población está constituida por 21 persona principales, la misma fue determinada por saturación de datos. Para la recolección de datos se utilizó como método el cuestionario, y como instrumento una guía de entrevista. Son generalmente los/las hijos/as mayores los que deben encargarse del cuidado de sus hermanos. Principalmente estos niños o jóvenes dejan de vivir su etapa de desarrollo, dejan de vivir su infancia para poder adaptarse a una etapa más compleja, por lo que pueden evidenciar dificultad para desarrollar relaciones adecuadas y sanas. Con esta investigación se logra identificar que el/la hijo/a mayor carga con responsabilidades por lo general, desde la infancia cuidan a sus hermanos, son soporte emocional, afectando a la toma de decisiones que influyen en la familia. Puede verse reflejado en diferentes contextos tanto sociales, escolares como también en contextos familiares, donde se espera que los adolescentes se ajusten y respondan de acuerdo a lo esperado para su adulto significativo. La problemática el hijo con la responsabilidad de cuidar hermanos menores es mucho más común de lo que se cree. Es importante para los adolescentes el rol de hijo/a, lo que implica que los padres serán el soporte emocional y económico de la familia. Esto hace que afecte en la etapa que debe ser hermosa y nutritiva, dejan de ser niños, y empiezan a cumplir funciones de un adulto.
650 _aPsicología
650 _aRol paterno
650 _aAdolescente
651 _aBolivia, La Paz, Viacha.
653 _aRiesgos psicosociales
653 _aProyecto de vida
653 _aEmociones
942 _2ddc
_cTE
_zJC; SML
999 _c630
_d630